1404 1559 1926 1446 1554 1249 1860 1170 1771 1574 1653 1077 1477 1091 1808 1837 1484 1549 1848 1546 1649 1831 1635 1462 1764 1377 1273 1530 1510 1089 1436 1529 1322 1329 1072 1571 1671 1230 1403 1712 1728 1584 1545 1750 1734 1372 1765 1089 1978 1256 1293 1772 1229 1270 1694 1799 1071 1422 1496 1670 1011 1400 1943 1863 1908 1971 1947 1165 1744 1808 1417 1859 1989 1103 1453 1715 1816 1241 1603 1679 1223 1711 1391 1346 1311 1573 1761 1216 1713 1234 1093 1631 1062 1667 1976 1175 1996 1369 1763 BCNSPRNW ULIB Ver.6.0+V

เปลี่ยนเป็นภาษาไทย

Change to English
 แสดงรายละเอียดบรรณานุกรม
  กลับหน้าหลัก

Brief Record : Get Marc (ISO 2709) : E-mail record : QR code < ปิดหน้าต่าง
LEADER : 00000nam 2200000uu 4500
001    13399110250
003     ULIB
008    110427s2553||||th 000 0 tha d
020    9789744141552
050  4 JF1525.O35^bว215 2553
100 0  วันทนีย์ แสนภักดี.
245 10 การจัดการพัสดุและสำนักงาน /^cวันทนีย์ แสนภักดี, พรทิพย์วีระสวัสดิ์, ธิดา พาหอม.
260    กรุงเทพฯ :^bเอ็กซเปอร์เน็ท,^c2553.
300    236 หน้า :^bภาพประกอบ ;^c21 ซม.
500    เอกสารตำราหลักประกอบการเรียนการสอนหลักสูตรรัฐประศาสนศาสตรบัณฑิต สาขาวิชาการจัดการการคลัง.
505 2  การบริหารพัสดุ -- การวางแผนงานพัสดุการจัดองค์การและการจัดหาพัสดุ -- การควบคุมและการเก็บรักษาพัสดุ -- การบริหารงานสำนักงาน -- การวางแผนและพัฒนางานสำนักงาน -- การจัดสำนักงาน -- การบริหารเอกสาร.
650  4 พัสดุ^xการบริหาร.
650  4 การจัดการสำนักงาน.
700 0  พรทิพย์ วีระสวัสดิ์.
700 0  ธิดา พาหอม.
945    ^p220^l0^i030044
945    ^p220^l0^i030043
995     เกษร
999 ^a ใช้งานได้ทุกระบบ
รายการนี้ยังไม่มีแท็ก
คุณยังไม่ได้ล็อกอิน คุณสามารถมีกิจกรรมร่วมกับเว็บไซต์ได้ แต่ต้องล็อกอินก่อน ::
  ล็อกอิน

รายการสื่อสารสนเทศ

ลำดับที่ ประเภท เลขเรียก/บาร์โค้ด สถานที่ สถานะ
- ไม่พบข้อมูล -

รายการใกล้เคียง
    ผู้แต่ง [วันทนีย์ แสนภักดี.]

    หัวเรื่อง [การจัดการสำนักงาน.]

BibComment


ยังไม่เคยถูกคอมเมนท์

คอมเมนท์ทรัพยากรรายการนี้
  คอมเมนท์: การจัดการพัสดุและ..


 Copyright 2026. Bcnsprnw @Library